Welcome to CU Library Online Public Access Catalogue (OPAC)

Discrete Mathematics/ (Record no. 892)

MARC details
000 -LEADER
fixed length control field 00516nam a22001697a 4500
005 - DATE AND TIME OF LATEST TRANSACTION
control field 20241108145147.0
008 - FIXED-LENGTH DATA ELEMENTS--GENERAL INFORMATION
fixed length control field 241108b |||||||| |||| 00| 0 eng d
020 ## - INTERNATIONAL STANDARD BOOK NUMBER
International Standard Book Number 9781292022611
050 ## - LIBRARY OF CONGRESS CALL NUMBER
Classification number QA76.9
Item number .M35 J63
100 ## - MAIN ENTRY--PERSONAL NAME
Personal name Johnsonbaugh, Richard
245 ## - TITLE STATEMENT
Title Discrete Mathematics/
Remainder of title Pearson International Edition
Statement of responsibility, etc. Richard Johnsonbaugh
250 ## - EDITION STATEMENT
Edition statement 7th Ed.
260 ## - PUBLICATION, DISTRIBUTION, ETC.
Place of publication, distribution, etc. Harlow
Name of publisher, distributor, etc. Pearson Education limited
Date of publication, distribution, etc. 2014
300 ## - PHYSICAL DESCRIPTION
Extent i.750p.
Other physical details ill.
Dimensions 27.5cm
650 ## - SUBJECT ADDED ENTRY--TOPICAL TERM
Source of heading or term Discrete Mathematics
942 ## - ADDED ENTRY ELEMENTS (KOHA)
Source of classification or shelving scheme Library of Congress Classification
Koha item type Books
Edition 7th Ed.
Suppress in OPAC No
999 ## -
-- 892
-- 892
Holdings
Withdrawn status Lost status Source of classification or shelving scheme Damaged status Not for loan Collection Home library Current library Shelving location Date acquired Total checkouts Full call number Barcode Date last seen Copy number Price effective from Koha item type
    Library of Congress Classification     Non-fiction Science Library (Miotso) Science Library (Miotso) General stacks 11/08/2024   QA76.9 .M35J63 JOH SLM00000484 11/08/2024 1 11/08/2024 Books
    Library of Congress Classification     Non-fiction Science Library (Miotso) Science Library (Miotso) General stacks 11/12/2024   QA76.9 .M35J63 JOH SLM00000563 11/12/2024 2 11/12/2024 Books
    Library of Congress Classification     Non-fiction Science Library (Miotso) Science Library (Miotso) General stacks 11/12/2024   QA76.9 .M35J63 JOH SLM00000564 11/12/2024 3 11/12/2024 Books
    Library of Congress Classification     Non-fiction Science Library (Miotso) Science Library (Miotso) General stacks 11/12/2024   QA76.9 .M35J63 JOH SLM00000565 11/12/2024 4 11/12/2024 Books
    Library of Congress Classification     Non-fiction Science Library (Miotso) Science Library (Miotso) General stacks 11/12/2024   QA76.9 .M35J63 JOH SLM00000566 11/12/2024 5 11/12/2024 Books
© 2023-2024 Copyright: Central University Libraries. All Rights Reserved | Created by: Mahone Tech Office